1439 1711 1985 1418 1689 1094 1837 1734 1590 1975 1802 1818 1549 1932 1575 1166 1837 1587 1676 1328 1670 1479 1341 1016 1431 1468 1858 1561 1195 1327 1698 1784 1370 1356 1375 1411 1108 1551 1102 1380 1560 1767 1133 1824 1820 1098 1644 1052 1253 1061 1094 1672 1361 1652 1791 1997 1881 1769 1091 1342 1744 1428 1323 1402 1891 1204 1936 1188 1099 1760 1873 1241 1520 1766 1602 1521 1550 1733 1430 1449 1599 1305 1530 1831 1333 1519 1346 1959 1769 1476 1833 1716 1947 1255 1584 1697 1359 1717 1495 BCNSPRNW ULIB Ver.6.0+V

เปลี่ยนเป็นภาษาไทย

Change to English
 แสดงรายละเอียดบรรณานุกรม
  กลับหน้าหลัก

Brief Record : Get Marc (ISO 2709) : E-mail record : QR code < ปิดหน้าต่าง
LEADER : 00000nam 2200000uu 4500
001    13399126325
003     ULIB
008    180906s2561||||th 000 0 tha d
020    ^a9786162791260
060  4 ^aWY159^bต367 ล.2
110 1  ^aมหาวิทยาลัยมหิดล. ^bคณะพยาบาลศาสตร์. ^bภาควิชาการพยาบาลกุมารเวชศาสตร์.
245 10 ^aตำราการพยาบาลเด็ก^nเล่ม 2 /^cโดยคณาจารย์ภาควิชาการพยาบาลกุมารเวชศาสตร์ คณะพยาบาลศาสตร์ มหาวิทยาลัยมหิดล ;^cศรีสมบูรณ์ มุสิกสุคนธ์...[และคนอื่นๆ]บรรณาธิการ
250    ^aพิมพ์ครั้งที่ 5 (ฉบับปรับปรุงครั้งที่ 2)
260    ^aกรุงเทพฯ :^bโครงการตำรา คระพยาบาลศาสตร์ มหาวิทยาลัยมหิดล,^c2561
300    ^a619-1219หน้า:^bภาพประกอบ;^c30ซม.
650  0 ^aการพยาบาลกุมารเวชศาสตร์
650  0 ^aเด็ก^xการดูแล
650  0 ^aเด็ก^xการเลี้ยงดู
650  0 ^aทารกแรกเกิด^xการดูแล
700 0  ^aศรีสมบูรณ์ มุสิกสุคนธ์,^eบรรณาธิการ
945    ^p0^l0^i26554
945    ^p0^l0^i26553
999    ^aกัณชพร จุลอักษร
รายการนี้ยังไม่มีแท็ก
คุณยังไม่ได้ล็อกอิน คุณสามารถมีกิจกรรมร่วมกับเว็บไซต์ได้ แต่ต้องล็อกอินก่อน ::
  ล็อกอิน

รายการสื่อสารสนเทศ

ลำดับที่ ประเภท เลขเรียก/บาร์โค้ด สถานที่ สถานะ
1. หนังสือสำรอง
หนังสือสำรอง
WY159 ต367 ล.2 ฉ.1 
  Barcode: 26553
ห้องสมุดวิทยาเขตนครสวรรค์
►หนังสือทั่วไป:l:General Books
บนชั้น
2. วิทยาศาสตร์การแพทย์ และสุขภาพ
วิทยาศาสตร์การแพทย์ และสุขภาพ
WY159 ต367 ล.2 ฉ.2 
  Barcode: 26554
ห้องสมุดวิทยาเขตนครสวรรค์
►หนังสือทั่วไป:l:General Books
บนชั้น

รายการใกล้เคียง
    หัวเรื่อง [การพยาบาลกุมารเวชศาสตร์]
    หัวเรื่อง [เด็ก การดูแล]

BibComment


ยังไม่เคยถูกคอมเมนท์

คอมเมนท์ทรัพยากรรายการนี้
  คอมเมนท์: ตำราการพยาบาลเด็..


 Copyright 2026. Bcnsprnw @Library